000
00335nam a22001457a 4500
008
230414b ||||| |||| 00| 0 eng d
020
_a
9781591944737
041
_a
eng
080
_2
FIFTH EDITION
_a
37
082
_a
37LAN
100
_a
23
101
_a
EDUKI
245
_a
GROUNDWORK FOR COLLEGE REDING
_c
LANGAN.J
942
_2
udc
_c
BK
999
_c
59544
_d
59544